Normal view
MARC view
Entry Personal Name
001 - CONTROL NUMBER
- control field: 343164
003 - CONTROL NUMBER IDENTIFIER
- control field: OSt
005 - DATE AND TIME OF LATEST TRANSACTION
- control field: 20220926040117.0
008 - FIXED-LENGTH DATA ELEMENTS
- fixed length control field: 220926|| aca||aabn | a|a d
040 ## - CATALOGING SOURCE
- Original cataloging agency: OSt
- Transcribing agency: OSt
100 ## - HEADING--PERSONAL NAME
- Personal name: Abs Hermann J at al
670 ## - SOURCE DATA FOUND
- Source citation: Work cat.: (OSt)663895: Abs Hermann J at al, Economic Growth, Balance of Payments., 1962
